[Event "Oberliga Bayern 0607"]
[Site "Bayern"]
[Date "2007.04.22"]
[Round "9.5"]
[White "Kunze, Holger"]
[Black "Luft, Andreas"]
[Result "1/2-1/2"]
[WhiteElo "2175"]
[BlackElo "2244"]
[PlyCount "21"]
[EventDate "2006.10.15"]
[EventType "team-tourn"]
[EventRounds "9"]
[EventCountry "GER"]
[SourceTitle "EXT 2008"]
[Source "ChessBase"]
[SourceDate "2007.11.25"]
[SourceVersion "1"]
[SourceVersionDate "2007.11.25"]
[SourceQuality "1"]
[WhiteTeam "Muenchen 36"]
[BlackTeam "Regensburg Fortuna"]
[WhiteTeamCountry "GER"]
[BlackTeamCountry "GER"]

1. d4 Nf6 2. c4 c5 3. d5 e5 4. Nc3 d6 5. e4 Be7 6. Nf3 0-0 7. Be2 Bg4 8. Nd2 Bd7 9. Nf3 Bg4 10. Nd2 Bc8 11. Nf3 1/2-1/2

[Event "Oberliga Bayern 0607"]
[Site "Bayern"]
[Date "2006.12.10"]
[Round "4.5"]
[White "Luft, Andreas"]
[Black "Wild, Rudolf"]
[Result "0-1"]
[WhiteElo "2244"]
[BlackElo "2192"]
[PlyCount "86"]
[EventDate "2006.10.15"]
[EventType "team-tourn"]
[EventRounds "9"]
[EventCountry "GER"]
[SourceTitle "EXT 2008"]
[Source "ChessBase"]
[SourceDate "2007.11.25"]
[SourceVersion "1"]
[SourceVersionDate "2007.11.25"]
[SourceQuality "1"]
[WhiteTeam "Regensburg Fortuna"]
[BlackTeam "Krumbach"]
[WhiteTeamCountry "GER"]
[BlackTeamCountry "GER"]

1. d4 Nf6 2. c4 c5 3. d5 b5 4. a4 b4 5. g3 d6 6. Bg2 g6 7. b3 Bg7 8. Bb2 0-0 9. Nh3 a5 10. 0-0 Ra7 11. Nd2 Nbd7 12. Qc2 Nb6 13. Rae1 e5 14. e4 Ng4 15. f3 Nh6 16. f4 f6 17. fxe5 fxe5 18. Rxf8+ Bxf8 19. Rf1 Rf7 20. Rxf7 Nxf7 21. Nf3 Bh6 22. Bc1 Bxc1 23. Qxc1 h6 24. Nf2 Qf6 25. Qe3 Kg7 26. Bh3 Bxh3 27. Nxh3 Qd8 28. Kg2 Qd7 29. Nf2 Nxa4 30. bxa4 Qxa4 31. Nd2 Qa2 32. Qd3 a4 33. h4 Qb2 34. Nd1 Qa1 35. Qc2 h5 36. Nb2 Qa2 37. Qc1 Nh6 38. Kh3 Ng4 39. Nf3 Nf2+ 40. Kg2 Nxe4 41. Kh3 a3 42. Nd3 Qe2 43. Nfe1 Qg4+ 0-1

[Event "Oberliga Bayern 0506"]
[Site "Bayern"]
[Date "2006.04.02"]
[Round "9.6"]
[White "Schelle, Artur"]
[Black "Luft, Andreas"]
[Result "0-1"]
[WhiteElo "2083"]
[BlackElo "2267"]
[PlyCount "84"]
[EventDate "2005.10.23"]
[EventType "team-tourn"]
[EventRounds "9"]
[EventCountry "GER"]
[SourceTitle "EXT 2007"]
[Source "ChessBase"]
[SourceDate "2006.11.23"]
[SourceVersion "1"]
[SourceVersionDate "2006.11.23"]
[SourceQuality "1"]
[WhiteTeam "Muenchen Tarrasch"]
[BlackTeam "Regensburg Fortuna"]
[WhiteTeamCountry "GER"]
[BlackTeamCountry "GER"]

1. e4 c5 2. Nc3 Nc6 3. g3 g6 4. Bg2 Bg7 5. d3 d6 6. Be3 b6 7. Qd2 Bb7 8. Nge2 Qd7 9. 0-0 Nd4 10. f4 e6 11. Bf2 Nxe2+ 12. Qxe2 Ne7 13. Qd2 e5 14. Be3 exf4 15. Bxf4 0-0 16. Bh6 d5 17. Bxg7 Kxg7 18. e5 d4 19. Ne4 Bxe4 20. Bxe4 Rad8 21. Rf6 Ng8 22. Raf1 Qh3 23. Rc6 Nh6 24. Bg2 Qh5 25. Qf4 Rde8 26. Rc7 Qxe5 27. Rxa7 Nf5 28. Be4 Nd6 29. Qf3 Re7 30. Rxe7 Qxe7 31. Qf4 Re8 32. g4 Nxe4 33. dxe4 f6 34. Rf3 Qe5 35. h4 h6 36. g5 hxg5 37. hxg5 Qxf4 38. Rxf4 fxg5 39. Rg4 Kf6 40. Kf2 Rh8 41. Rg2 Rh4 42. e5+ Kf5 0-1

[Event "Oberliga Bayern 0506"]
[Site "Bayern"]
[Date "2006.03.12"]
[Round "8.6"]
[White "Luft, Andreas"]
[Black "Riedel, Lutz"]
[Result "0-1"]
[WhiteElo "2267"]
[BlackElo "1995"]
[PlyCount "80"]
[EventDate "2005.10.23"]
[EventType "team-tourn"]
[EventRounds "9"]
[EventCountry "GER"]
[SourceTitle "EXT 2007"]
[Source "ChessBase"]
[SourceDate "2006.11.23"]
[SourceVersion "1"]
[SourceVersionDate "2006.11.23"]
[SourceQuality "1"]
[WhiteTeam "Regensburg Fortuna"]
[BlackTeam "Krumbach"]
[WhiteTeamCountry "GER"]
[BlackTeamCountry "GER"]

1. d4 d5 2. c4 c6 3. Nf3 dxc4 4. e3 b5 5. a4 Qb6 6. axb5 cxb5 7. b3 Bf5 8. bxc4 bxc4 9. Qa4+ Bd7 10. Qxc4 e6 11. Be2 Nc6 12. 0-0 Nf6 13. Nc3 a5 14. Bd2 Nb4 15. Ne5 Be7 16. Nxd7 Nxd7 17. Na4 Qb8 18. Qb5 Qa7 19. Rfc1 0-0 20. Nc5 Nxc5 21. dxc5 Rfb8 22. Qc4 Qc7 23. Bf3 Ra7 24. Ra4 Qd7 25. Qf4 Rc8 26. Rxb4 axb4 27. Bxb4 Qb5 28. g3 Ra4 29. Rc4 Rb8 30. Bc6 Ra1+ 31. Kg2 Qxc6+ 32. e4 Rc8 33. Bc3 Rb1 34. Qg4 f6 35. Ra4 Rb7 36. Ra5 Bd8 37. Ra2 f5 38. Qh5 Bf6 39. Bxf6 gxf6 40. f3 fxe4 0-1

[Event "BL2-Ost 0405"]
[Site "Germany"]
[Date "2005.04.10"]
[Round "9.6"]
[White "Rausch, Stephan"]
[Black "Luft, Andreas"]
[Result "1/2-1/2"]
[WhiteElo "2337"]
[BlackElo "2275"]
[PlyCount "110"]
[EventDate "2004.10.24"]
[EventType "team-tourn"]
[EventRounds "9"]
[EventCountry "GER"]
[SourceTitle "EXT 2007"]
[Source "ChessBase"]
[SourceDate "2006.11.23"]
[SourceVersion "1"]
[SourceVersionDate "2006.11.23"]
[SourceQuality "1"]
[WhiteTeam "Leipzig Gohlis"]
[BlackTeam "Regensburg"]
[WhiteTeamCountry "GER"]
[BlackTeamCountry "GER"]

1. d4 Nf6 2. Nf3 g6 3. c4 Bg7 4. Nc3 d6 5. e4 0-0 6. h3 Na6 7. Be3 e5 8. d5 Nc5 9. Nd2 a5 10. a3 a4 11. Bxc5 dxc5 12. Nxa4 Qe7 13. Be2 Bh6 14. Nc3 Ne8 15. Bf3 Bd7 16. Qe2 Kh8 17. h4 f5 18. h5 Kg7 19. 0-0-0 Nf6 20. Kb1 Bg5 21. Ka2 Rfb8 22. Nf1 Qd6 23. Ne3 Bxe3 24. Qxe3 f4 25. Qe2 g5 26. g4 h6 27. Rhg1 Qa6 28. Qd3 Ne8 29. Be2 Nd6 30. f3 Kf6 31. Rd2 Qa5 32. Ra1 b5 33. cxb5 Bxb5 34. Nxb5 Nxb5 35. Rc2 Nd4 36. Rc3 Rb6 37. Bd1 Rab8 38. Rb1 Ke7 39. Rc4 Kd6 40. Qc3 Rb5 41. Qxa5 Rxa5 42. b4 cxb4 43. Rcxb4 Rxb4 44. Rxb4 Kc5 45. Rb7 Nb5 46. Kb2 Ra7 47. Rb8 Nxa3 48. Be2 Nc4+ 49. Bxc4 Kxc4 50. Rh8 Ra6 51. Rh7 c5 52. Rc7 Rb6+ 53. Kc2 Ra6 54. Kb2 Rb6+ 55. Kc2 Ra6 1/2-1/2

[Event "Oberliga Bayern 0203"]
[Site "Bayern"]
[Date "2003.01.26"]
[Round "5.6"]
[White "Rodewis, Thomas"]
[Black "Luft, Andreas"]
[Result "1-0"]
[WhiteElo "2328"]
[BlackElo "2208"]
[PlyCount "65"]
[EventDate "2002.10.20"]
[EventType "team"]
[EventRounds "9"]
[EventCountry "GER"]
[SourceTitle "EXT 2004"]
[Source "ChessBase"]
[SourceDate "2003.11.25"]
[SourceVersion "1"]
[SourceVersionDate "2003.11.25"]
[SourceQuality "1"]
[WhiteTeam "Bayern Muenchen"]
[BlackTeam "Regensburg Fortuna"]
[WhiteTeamCountry "GER"]
[BlackTeamCountry "GER"]

1. d4 Nf6 2. c4 c5 3. d5 e5 4. Nc3 d6 5. e4 Be7 6. Bd3 0-0 7. Nge2 Ne8 8. 0-0 Bg5 9. Ng3 Bxc1 10. Qxc1 g6 11. Bc2 Ng7 12. a3 Nd7 13. Rb1 b6 14. Ba4 Ba6 15. Nd1 Rb8 16. b4 Qe7 17. Ne3 Rfc8 18. Bxd7 Qxd7 19. b5 Bb7 20. f4 exf4 21. Rxf4 h5 22. Qc3 Qe7 23. Rbf1 Rf8 24. h4 Qe5 25. Qe1 Rbe8 26. R1f3 Re7 27. Qf2 Ne8 28. Nef5 gxf5 29. Rxf5 Qd4 30. Rg5+ Kh8 31. Rxh5+ Kg8 32. Qxd4 cxd4 33. Nf5 1-0

[Event "Oberliga Bayern 0203"]
[Site "Bayern"]
[Date "2003.01.12"]
[Round "4.6"]
[White "Luft, Andreas"]
[Black "Kirchner, Thomas"]
[Result "1-0"]
[WhiteElo "2208"]
[BlackElo "2235"]
[PlyCount "111"]
[EventDate "2002.10.20"]
[EventType "team"]
[EventRounds "9"]
[EventCountry "GER"]
[SourceTitle "EXT 2004"]
[Source "ChessBase"]
[SourceDate "2003.11.25"]
[SourceVersion "1"]
[SourceVersionDate "2003.11.25"]
[SourceQuality "1"]
[WhiteTeam "Regensburg Fortuna"]
[BlackTeam "Nuernberg NT"]
[WhiteTeamCountry "GER"]
[BlackTeamCountry "GER"]

1. d4 Nf6 2. c4 e5 3. dxe5 Ng4 4. Bf4 g5 5. Bg3 Nc6 6. Nf3 Bg7 7. Nc3 Ngxe5 8. Nxe5 Nxe5 9. e3 d6 10. c5 0-0 11. cxd6 cxd6 12. Be2 Be6 13. 0-0 f5 14. Qd2 Qe7 15. Rfd1 Rad8 16. Nd5 Qf7 17. Rac1 Bxd5 18. Qxd5 Qxd5 19. Rxd5 f4 20. exf4 gxf4 21. Bh4 Rc8 22. Rxc8 Rxc8 23. Rxd6 Ng6 24. Rd8+ Rxd8 25. Bxd8 Bxb2 26. Bc4+ Kg7 27. Bc7 Ne5 28. Bd5 b6 29. Kf1 Kf6 30. Ke2 Kf5 31. f3 h6 32. g4+ Kg6 33. Bb8 a5 34. a4 Kg5 35. Bd6 h5 36. Be7+ Kg6 37. g5 Nd7 38. Bc6 Nc5 39. Bd8 Ne6 40. Be4+ Kg7 41. Bxb6 Bc3 42. h4 Bb4 43. Bf5 Nc5 44. Bc2 Ne6 45. Bd3 Nc5 46. Bb5 Kf7 47. Bc7 Ne6 48. Bc4 Ke7 49. Bxe6 Kxe6 50. Bxf4 Bc5 51. Bd2 Bb6 52. Bf4 Kd5 53. Kd3 Bf2 54. g6 Ke6 55. Bg5 Bc5 56. Ke4 1-0

[Event "Oberliga Bayern 0203"]
[Site "Bayern"]
[Date "2002.12.15"]
[Round "3.6"]
[White "Voss, Michael"]
[Black "Luft, Andreas"]
[Result "0-1"]
[WhiteElo "2003"]
[BlackElo "2208"]
[PlyCount "48"]
[EventDate "2002.10.20"]
[EventType "team"]
[EventRounds "9"]
[EventCountry "GER"]
[SourceTitle "EXT 2004"]
[Source "ChessBase"]
[SourceDate "2003.11.25"]
[SourceVersion "1"]
[SourceVersionDate "2003.11.25"]
[SourceQuality "1"]
[WhiteTeam "Kriegshaber"]
[BlackTeam "Regensburg Fortuna"]
[WhiteTeamCountry "GER"]
[BlackTeamCountry "GER"]

1. f4 Nf6 2. Nf3 g6 3. g3 Bg7 4. Bg2 0-0 5. 0-0 d5 6. d3 b6 7. c3 Bb7 8. Qc2 Nbd7 9. Nbd2 e5 10. Nxe5 Nxe5 11. fxe5 Ng4 12. Nf3 Nxe5 13. Nxe5 Bxe5 14. d4 Bg7 15. e4 dxe4 16. Bxe4 Bxd4+ 17. Kh1 Bxe4+ 18. Qxe4 Bg7 19. Bf4 Re8 20. Qc6 Re6 21. Qxc7 Qd5+ 22. Kg1 Bf8 23. b4 Re2 24. Rf2 Rae8 0-1

[Event "BL2-Ost 0102"]
[Site "Germany"]
[Date "2002.03.17"]
[Round "7.6"]
[White "Luft, Andreas"]
[Black "Grafl, Florian"]
[Result "0-1"]
[WhiteElo "2265"]
[BlackElo "2317"]
[PlyCount "100"]
[EventDate "2001.10.07"]
[EventType "team-tourn"]
[EventRounds "9"]
[EventCountry "GER"]
[SourceTitle "CBM 088 Extra"]
[Source "ChessBase"]
[SourceDate "2002.07.01"]
[SourceVersion "2"]
[SourceVersionDate "2002.07.01"]
[SourceQuality "1"]
[WhiteTeam "Regensburg"]
[BlackTeam "Hungen Lich"]
[WhiteTeamCountry "GER"]
[BlackTeamCountry "GER"]

1. d4 f5 2. g3 Nf6 3. Bg2 g6 4. c4 Bg7 5. Nc3 0-0 6. Nh3 e6 7. 0-0 d6 8. b3 c6 9. Bb2 Na6 10. f3 Qc7 11. Nf2 e5 12. d5 c5 13. e4 Qe7 14. Qe2 f4 15. Bh3 fxg3 16. hxg3 Nh5 17. Kh2 Bxh3 18. Nxh3 Nc7 19. Bc1 Rab8 20. Bd2 Qd7 21. a4 a6 22. a5 b5 23. axb6 Rxb6 24. Ra3 Rfb8 25. Rb1 Nf6 26. Nf2 Qf7 27. Nd3 Qf8 28. Na4 R6b7 29. Kg2 Bh6 30. Bc3 Nd7 31. Rb2 Na8 32. Nf2 Bc1 33. Qc2 Bxb2 34. Nxb2 Nc7 35. Nbd3 Re8 36. Ra1 Re7 37. f4 exf4 38. gxf4 Qb8 39. Ra3 Ne8 40. e5 dxe5 41. fxe5 Nxe5 42. Nxe5 Rxe5 43. Bxe5 Qxe5 44. Rxa6 Nd6 45. Ra8+ Kg7 46. Qd3 Qb2 47. Qe3 Rf7 48. Kg1 Nf5 49. Qe8 Qc1+ 50. Kh2 Qf4+ 0-1

[Event "BL2-Ost 0102"]
[Site "Germany"]
[Date "2002.02.24"]
[Round "6.6"]
[White "Seifert, Volker"]
[Black "Luft, Andreas"]
[Result "1-0"]
[WhiteElo "2222"]
[BlackElo "2265"]
[PlyCount "75"]
[EventDate "2001.10.07"]
[EventType "team-tourn"]
[EventRounds "9"]
[EventCountry "GER"]
[SourceTitle "CBM 088 Extra"]
[Source "ChessBase"]
[SourceDate "2002.07.01"]
[SourceVersion "2"]
[SourceVersionDate "2002.07.01"]
[SourceQuality "1"]
[WhiteTeam "Dresden SC"]
[BlackTeam "Regensburg"]
[WhiteTeamCountry "GER"]
[BlackTeamCountry "GER"]

1. d4 Nf6 2. c4 c5 3. d5 e5 4. Nc3 d6 5. e4 Be7 6. h3 Nbd7 7. Nf3 Rb8 8. Bd3 a6 9. a4 0-0 10. g4 Ne8 11. Qe2 g6 12. Bh6 Ng7 13. 0-0-0 Nf6 14. Rdg1 Bd7 15. b3 Nfe8 16. h4 Nc7 17. Nd2 Qe8 18. Bg5 f6 19. Be3 b5 20. axb5 axb5 21. h5 bxc4 22. Bxc4 Qc8 23. hxg6 hxg6 24. f3 Kf7 25. Rh7 Rh8 26. Rgh1 Rxh7 27. Rxh7 Qg8 28. Qh2 Qc8 29. Qh6 Bf8 30. Rh8 Be8 31. Qh7 Ke7 32. Bh6 Bf7 33. Bxg7 Qb7 34. Bxf8+ Rxf8 35. Rxf8 Kxf8 36. Kc2 g5 37. Nf1 Na6 38. Ne3 1-0

[Event "BL2-Ost 0102"]
[Site "Germany"]
[Date "2001.11.25"]
[Round "3.6"]
[White "Luft, Andreas"]
[Black "Zwanzger, Johannes"]
[Result "1-0"]
[WhiteElo "2265"]
[BlackElo "2289"]
[PlyCount "131"]
[EventDate "2001.10.07"]
[EventType "team-tourn"]
[EventRounds "9"]
[EventCountry "GER"]
[SourceTitle "CBM 088 Extra"]
[Source "ChessBase"]
[SourceDate "2002.07.01"]
[SourceVersion "2"]
[SourceVersionDate "2002.07.01"]
[SourceQuality "1"]
[WhiteTeam "Regensburg"]
[BlackTeam "Forchheim"]
[WhiteTeamCountry "GER"]
[BlackTeamCountry "GER"]

1. d4 Nf6 2. c4 g6 3. Nc3 d5 4. Nf3 Bg7 5. Qb3 dxc4 6. Qxc4 0-0 7. Bf4 c6 8. e4 b5 9. Qb3 Qa5 10. Bd3 Bg4 11. e5 Be6 12. Qd1 Nd5 13. Bd2 Qb6 14. a4 a6 15. axb5 cxb5 16. Be4 Qd8 17. Nxb5 Nc6 18. Nc3 f5 19. Bxd5 Bxd5 20. Nxd5 Qxd5 21. Bc3 g5 22. 0-0 g4 23. Ne1 Rad8 24. Nc2 Qb5 25. Qb1 Kh8 26. Qa2 a5 27. Qa4 Rb8 28. Qxb5 Rxb5 29. Ra4 Rfb8 30. Rfa1 e6 31. Ne3 Rd8 32. Rc4 Nb4 33. g3 Bh6 34. Bxb4 Rxb4 35. Rxa5 Rxb2 36. Nf1 Bd2 37. Nxd2 Rxd2 38. Ra6 Re8 39. Ra7 h5 40. Kg2 Kg8 41. Rd7 Rd1 42. Rcc7 Rb8 43. Rg7+ Kf8 44. Rh7 Kg8 45. Rcg7+ Kf8 46. Rd7 Kg8 47. Rhe7 Kf8 48. Rh7 Kg8 49. Rdg7+ Kf8 50. Ra7 Kg8 51. Rhd7 Kf8 52. Rd6 Rc8 53. Rb6 Re1 54. h3 Rd1 55. d5 Rxd5 56. Rxe6 Re8 57. Rf6+ Kg8 58. e6 Re5 59. Raf7 R5xe6 60. Rxf5 Re4 61. Ra7 R8e5 62. Ra5 Rxa5 63. Rxa5 gxh3+ 64. Kxh3 h4 65. g4 Rf4 66. Rf5 1-0

[Event "BL2-Ost 0102"]
[Site "Germany"]
[Date "2001.11.11"]
[Round "2.6"]
[White "Schunk, Eduard"]
[Black "Luft, Andreas"]
[Result "1-0"]
[WhiteElo "2277"]
[BlackElo "2265"]
[PlyCount "63"]
[EventDate "2001.10.07"]
[EventType "team-tourn"]
[EventRounds "9"]
[EventCountry "GER"]
[SourceTitle "CBM 088 Extra"]
[Source "ChessBase"]
[SourceDate "2002.07.01"]
[SourceVersion "2"]
[SourceVersionDate "2002.07.01"]
[SourceQuality "1"]
[WhiteTeam "Bindlach"]
[BlackTeam "Regensburg"]
[WhiteTeamCountry "GER"]
[BlackTeamCountry "GER"]

1. e4 c5 2. Nf3 d6 3. d3 Nc6 4. g3 g6 5. Bg2 Bg7 6. 0-0 e5 7. Nc3 Nge7 8. a3 a5 9. a4 0-0 10. Nd2 Be6 11. Nc4 Rb8 12. Nd5 b6 13. c3 h6 14. f4 f5 15. Qe2 Kh7 16. Bd2 Bg8 17. Rae1 Nxd5 18. exd5 Ne7 19. fxe5 dxe5 20. d6 Nd5 21. Bf3 Re8 22. g4 e4 23. dxe4 fxe4 24. Bxe4 Nf6 25. Bxg6+ Kxg6 26. Qd3+ Kf7 27. Ne5+ Rxe5 28. Rxe5 Kf8 29. Re7 Bf7 30. Bxh6 Kg8 31. Bxg7 Kxg7 32. Rxf6 1-0

[Event "BL2-Ost 0001"]
[Site "Germany"]
[Date "2001.02.18"]
[Round "6.8"]
[White "Ochs, Holger"]
[Black "Luft, Andreas"]
[Result "0-1"]
[WhiteElo "2185"]
[BlackElo "2287"]
[PlyCount "70"]
[EventDate "2000.10.15"]
[EventType "team-tourn"]
[EventRounds "9"]
[EventCountry "GER"]
[SourceTitle "CBM 082 Extra"]
[Source "ChessBase"]
[SourceDate "2001.07.03"]
[SourceVersion "1"]
[SourceVersionDate "2001.07.03"]
[SourceQuality "1"]
[WhiteTeam "Griesheim"]
[BlackTeam "Forchheim"]
[WhiteTeamCountry "GER"]
[BlackTeamCountry "GER"]

1. d4 Nf6 2. Bg5 g6 3. Bxf6 exf6 4. c4 f5 5. e3 Bg7 6. Nc3 d6 7. Nge2 Nd7 8. Qb3 0-0 9. g3 Nf6 10. Bg2 c6 11. 0-0 Qe7 12. a4 a5 13. Qc2 Re8 14. Rab1 Ne4 15. Nxe4 fxe4 16. Nc3 f5 17. b4 axb4 18. Rxb4 h5 19. Rfb1 h4 20. Rb6 hxg3 21. hxg3 Bf6 22. Qa2 Qf7 23. a5 Bd8 24. d5 Bxb6 25. Rxb6 Qc7 26. c5 dxc5 27. dxc6+ Be6 28. Qb2 bxc6 29. Na4 Qg7 30. Qxg7+ Kxg7 31. a6 c4 32. Kf1 c3 33. Ke1 Rab8 34. Rb7+ Kf6 35. Nc5 Red8 0-1

[Event "BL2-Ost 0001"]
[Site "Germany"]
[Date "2001.01.28"]
[Round "5.8"]
[White "Luft, Andreas"]
[Black "Voekler, Bernd"]
[Result "0-1"]
[WhiteElo "2287"]
[BlackElo "2345"]
[PlyCount "60"]
[EventDate "2000.10.15"]
[EventType "team-tourn"]
[EventRounds "9"]
[EventCountry "GER"]
[SourceTitle "CBM 082 Extra"]
[Source "ChessBase"]
[SourceDate "2001.07.03"]
[SourceVersion "1"]
[SourceVersionDate "2001.07.03"]
[SourceQuality "1"]
[WhiteTeam "Forchheim"]
[BlackTeam "Erfurt"]
[WhiteTeamCountry "GER"]
[BlackTeamCountry "GER"]

1. d4 Nf6 2. c4 g6 3. Nc3 Bg7 4. e4 d6 5. Be2 0-0 6. Bg5 c6 7. Qd2 a6 8. Rd1 b5 9. a3 bxc4 10. Bxc4 Nxe4 11. Nxe4 d5 12. Bd3 dxe4 13. Bxe4 Ra7 14. Ne2 Bg4 15. f3 Be6 16. Qc3 a5 17. 0-0 a4 18. Rd2 Bd5 19. Bc2 Qb6 20. Be3 Nd7 21. Nf4 Rb8 22. Bd1 e6 23. Nd3 Qb5 24. Rff2 Nb6 25. Nc5 Nc4 26. Be2 Qxc5 27. Bf4 Rb3 28. Qxb3 axb3 29. dxc5 Nxd2 30. Bxd2 Bxb2 0-1

[Event "Baunatal op 6th"]
[Site "Baunatal"]
[Date "2000.08.20"]
[Round "7"]
[White "Luft, Andreas"]
[Black "Dorst, Johannes"]
[Result "1-0"]
[WhiteElo "2287"]
[BlackElo "2141"]
[PlyCount "125"]
[EventDate "2000.08.18"]
[EventType "swiss"]
[EventRounds "7"]
[EventCountry "GER"]
[SourceTitle "EXT 2001"]
[Source "ChessBase"]
[SourceDate "2000.11.22"]
[SourceVersion "1"]
[SourceVersionDate "2000.11.22"]
[SourceQuality "1"]

1. d4 Nf6 2. c4 c5 3. d5 b5 4. a4 b4 5. g3 d6 6. Bg2 Nbd7 7. Nh3 Bb7 8. 0-0 g6 9. b3 Bg7 10. Bb2 0-0 11. Nd2 Qc7 12. e4 Rfe8 13. Qc2 e6 14. Rfe1 e5 15. f4 Ng4 16. Nf3 a5 17. Re2 Rf8 18. Nf2 Nxf2 19. Rxf2 Rae8 20. Re2 Bc8 21. Bh3 h6 22. Rf1 Kh7 23. Bxd7 Bxd7 24. fxe5 dxe5 25. Nh4 Bh3 26. Rff2 Qd6 27. Qd3 Re7 28. Bc1 Rc7 29. Re1 Re7 30. Kh1 Qd7 31. Be3 Rc8 32. Rg1 Bg4 33. Qc2 Bh3 34. Rd1 Bg4 35. Rdd2 Bh3 36. Qd3 Qd6 37. Qe2 Qd7 38. Qd3 Qd6 39. Qb1 Qd7 40. Qg1 Bg4 41. Rf1 Bh3 42. Re1 Qg4 43. Bxc5 Rec7 44. Bb6 Rb7 45. Qf2 g5 46. Ng2 Bf8 47. c5 Rxb6 48. Qxf7+ Bg7 49. cxb6 Rf8 50. Qc7 Qxe4 51. Qc2 Qxc2 52. Rxc2 e4 53. Rc7 Kg6 54. Rxg7+ Kxg7 55. Ne3 Rb8 56. Nc4 Bg4 57. Kg1 Bf3 58. Kf2 Kf6 59. Ke3 Ke7 60. Kd4 Kd7 61. Ne5+ Kd6 62. Rc1 h5 63. Rc7 1-0

[Event "BL2-Ost 9900"]
[Site "Germany"]
[Date "2000.01.09"]
[Round "4.6"]
[White "Luft, Andreas"]
[Black "Paehtz, Thomas Jr"]
[Result "1-0"]
[WhiteElo "2315"]
[BlackElo "2190"]
[PlyCount "77"]
[EventDate "1999.10.10"]
[EventType "team-tourn"]
[EventRounds "9"]
[EventCountry "GER"]
[SourceTitle "CBM 074 Extra"]
[Source "ChessBase"]
[SourceDate "2000.03.10"]
[SourceVersion "2"]
[SourceVersionDate "2000.03.10"]
[SourceQuality "1"]
[WhiteTeam "Forchheim"]
[BlackTeam "Erfurt Empor"]
[WhiteTeamCountry "GER"]
[BlackTeamCountry "GER"]

1. d4 Nf6 2. c4 c5 3. d5 e5 4. Nc3 d6 5. e4 Be7 6. g3 h5 7. h4 Na6 8. Bh3 Nc7 9. Bxc8 Qxc8 10. a4 b6 11. f3 a6 12. Qd3 0-0 13. Nh3 Qd7 14. Nf2 Rab8 15. 0-0 b5 16. b3 bxc4 17. bxc4 a5 18. Nb5 Na6 19. Kg2 Nh7 20. Qe2 f5 21. exf5 Rxf5 22. Ne4 Rbf8 23. Be3 Nb4 24. Qd2 Rxf3 25. Rxf3 Rxf3 26. Kxf3 Qg4+ 27. Kf2 Qxe4 28. Na3 Nf6 29. Kg1 Ng4 30. Re1 Qf3 31. Qg2 e4 32. Qxf3 exf3 33. Bxc5 dxc5 34. Rxe7 Nd3 35. Nc2 Kf8 36. d6 Ndf2 37. Ne3 Nh3+ 38. Kf1 Nh2+ 39. Ke1 1-0

[Event "BL2-Sued 9899"]
[Site "Germany"]
[Date "1999.01.10"]
[Round "4.5"]
[White "Birk, Steffen"]
[Black "Luft, Andreas"]
[Result "1/2-1/2"]
[WhiteElo "2310"]
[BlackElo "2316"]
[PlyCount "113"]
[EventDate "1998.10.18"]
[EventType "team-tourn"]
[EventRounds "9"]
[EventCountry "GER"]
[SourceTitle "GER-chT2"]
[Source "ChessBase"]
[SourceDate "1999.07.01"]
[SourceVersion "1"]
[SourceVersionDate "1999.07.01"]
[SourceQuality "1"]
[WhiteTeam "Schmiden Cannstatt"]
[BlackTeam "Regensburg"]
[WhiteTeamCountry "GER"]
[BlackTeamCountry "GER"]

1. e4 c5 2. Nf3 d6 3. d4 cxd4 4. Nxd4 Nf6 5. Nc3 a6 6. f4 e5 7. Nf3 Nbd7 8. a4 Be7 9. Bd3 0-0 10. 0-0 Nc5 11. Kh1 Qc7 12. Qe1 Re8 13. fxe5 dxe5 14. Bg5 Be6 15. Qg3 Nh5 16. Qh4 Nf4 17. Bxe7 Ng6 18. Qh5 Rxe7 19. Ng5 Nf8 20. Nxe6 fxe6 21. Rf3 Ncd7 22. Raf1 Ng6 23. Qg5 Nf6 24. g3 Rf8 25. h4 Ref7 26. h5 Nh8 27. Qh4 Ne8 28. Rxf7 Rxf7 29. Rxf7 Nxf7 30. Qg4 Qc6 31. Kg2 Nf6 32. Qe2 Nd6 33. g4 h6 34. Kh3 Nh7 35. Qe3 Ng5+ 36. Kh4 Ne8 37. Be2 Nf6 38. Bd3 Qd7 39. Qb6 Qd4 40. Qxd4 exd4 41. Ne2 e5 42. c3 dxc3 43. Nxc3 a5 44. Nd1 Nfxe4 45. Bxe4 Nxe4 46. Ne3 Nc5 47. Nc4 Nxa4 48. Nxa5 b6 49. Nc4 b5 50. Nd6 Nxb2 51. Nxb5 Kf7 52. g5 Nd3 53. Kg4 Nf4 54. Nd6+ Ke6 55. Ne8 Nxh5 56. Kxh5 hxg5 57. Kxg5 1/2-1/2

[Event "BL2-Sued 9899"]
[Site "Germany"]
[Date "1998.11.22"]
[Round "2.6"]
[White "Luft, Andreas"]
[Black "Arnold, Lothar"]
[Result "1/2-1/2"]
[WhiteElo "2295"]
[BlackElo "2355"]
[PlyCount "44"]
[EventDate "1998.10.18"]
[EventType "team-tourn"]
[EventRounds "9"]
[EventCountry "GER"]
[SourceTitle "GER-chT2"]
[Source "ChessBase"]
[SourceDate "1999.07.01"]
[SourceVersion "1"]
[SourceVersionDate "1999.07.01"]
[SourceQuality "1"]
[WhiteTeam "Regensburg"]
[BlackTeam "Eppingen"]
[WhiteTeamCountry "GER"]
[BlackTeamCountry "GER"]

1. d4 e6 2. c4 f5 3. g3 Nf6 4. Bg2 d5 5. Nh3 Be7 6. 0-0 0-0 7. b3 Nc6 8. Bb2 a5 9. e3 Nb4 10. a3 Na6 11. Nc3 c6 12. f3 Nc7 13. Qc2 b5 14. cxb5 cxb5 15. Rfc1 Bd7 16. Bf1 Qb8 17. Ne2 Rc8 18. Nef4 Nce8 19. Qd1 Qb6 20. Nd3 Rxc1 21. Rxc1 Rc8 22. Rxc8 Bxc8 1/2-1/2

[Event "BL2-Sued 9798"]
[Site "Germany"]
[Date "1998.??.??"]
[Round "?.5"]
[White "Hauke, Christian"]
[Black "Luft, Andreas"]
[Result "1/2-1/2"]
[WhiteElo "2210"]
[BlackElo "2295"]
[PlyCount "89"]
[EventDate "1997.10.??"]
[EventType "team-tourn"]
[EventRounds "9"]
[EventCountry "GER"]
[SourceTitle "EXT 1999"]
[Source "ChessBase"]
[SourceDate "1998.11.16"]
[SourceVersion "1"]
[SourceVersionDate "1998.11.16"]
[SourceQuality "1"]
[WhiteTeam "Baiertal"]
[BlackTeam "Regensburg DJK"]
[WhiteTeamCountry "GER"]
[BlackTeamCountry "GER"]

1. d4 Nf6 2. Nc3 d5 3. Bg5 Nbd7 4. f3 c6 5. e4 dxe4 6. fxe4 e5 7. dxe5 Qa5 8. Qd2 Nxe5 9. Nf3 Bb4 10. Bd3 Be6 11. Nxe5 Qxe5 12. 0-0 Ng4 13. Bf4 Qd4+ 14. Kh1 Bc5 15. h3 Nf2+ 16. Kh2 0-0-0 17. Ne2 Qd7 18. Qc3 Nxd3 19. cxd3 Bd6 20. d4 Bxf4+ 21. Rxf4 Qd6 22. Kh1 Kb8 23. a4 Rhe8 24. a5 a6 25. Rc1 f6 26. Qg3 Re7 27. Rc5 Bc8 28. b4 g5 29. Rxf6 Qxg3 30. Nxg3 Rxd4 31. Rxg5 Rxb4 32. Rf8 Kc7 33. Nf5 Bxf5 34. exf5 Rf4 35. f6 Re1+ 36. Kh2 Ref1 37. Rg7+ Kd6 38. Rxb7 Rxf6 39. Rxf6+ Rxf6 40. Rb6 Kc5 41. Rxa6 Kb5 42. Ra7 h6 43. g4 c5 44. Kg3 c4 45. Rb7+ 1/2-1/2